COPANT 3 9-001 : (Registro nro. 5572)

Detalles MARC
000 -LEADER
longitud fija campo de control 00864Cam#a22002657a#4500
003 - IDENTIFICADOR DE NUMERO DE CONTROL
control del campo AR-RoUNA
005 - FECHA DE LA ULTIMA MODIFICACION
control del campo 20190731122504.0
008 - CAMPO DE CONTROL - LIBROS
longitud fija campo de control 130924s1965||||bo|||||| |||| 0|spa d
040 ## - ORIGEN DE LA CATALOGACION
Agencia que cataloga la obra original AR-RoUNA
Idioma en que se cataloga spa
041 ## - CODIGO DE IDIOMA
Codigo de idioma del texto / sonido o titulo separado spa
080 ## - CDU
Numero de clasificacion (083)69.02
092 ## - SIGNATURA TOPOGRAFICA
Seccion Edil-Normas
Numero de clasificacion (083)69.02
Libristica COPANT
110 2# - ASIENTO PRINCIPAL - AUTOR INSTITUCIONAL
Nombre corporativo o de jurisdiccion como elemento de entrada Comision Panamericana de Normas Tecnicas.
9 (RLIN) 22639
245 10 - TITULO PROPIAMENTE DICHO
Titulo COPANT 3 9-001 :
Subtitulo Terminologia y definicion de los distintos elementos que componen un edificio /
Mencion de responsabilidad, etc Comite Panamericano de Normas Tecnicas = Pan American Standards Committee.
260 ## - EDITORIAL - PUBLICACION, DISTRIBUCION, ETC. (Pie de imprenta)
Lugar de publicacion, distribucion, etc [La Paz?] :
Nombre del editor, distribuidor, etc COPANT,
Fecha de publicacion 1965.
300 ## - DESCRIPCION FISICA
Extension 14 p. ; :
Dimensiones 29 cm.
500 ## - NOTA GENERAL
Nota general Esquema 1 de Recomendacion.
650 #4 - MATERIA - TERMINO TEMATICO
Término temático general Normas COPANT
650 #4 - MATERIA - TERMINO TEMATICO
Término temático general Terminologia
650 #4 - MATERIA - TERMINO TEMATICO
Término temático general Elementos de edificios
908 ## - SOPORTE
Soporte
930 ## - ACCESION
Numero de accesion (NR) 10237
942 ## - FUENTE DE CLASIFICACION
Clasificacion
Tipo de item Libro
945 ## - INFORMACION DE PROCESAMIENTO
Codigo del operador MTC
Existencias
Estado retiro Estado perdido Sistema de clasificacion Estado general Biblioteca de origen Ubicacion actual Localizacion en estante Fecha de adquisicion Prestamos totales Signatura y librística Proveedor Numero de ejemplar Tipo de elemento KOHA
Disponible Disponible cdu No dañado Arq. Hilarión H. Larguia Arq. Hilarión H. Larguia Edil-Normas 29/05/2014   (083)69.02 COPANT 14410 ej. 1 Libro